000 00300nam a2200121Ia 4500
008 191201s2013 xx 000 0 und d
082 _a006.7,4
_bWEH
100 _aWILLARD, Wendy
245 0 _aHTML A Beginners Guide
250 _aRep
260 _c2013
_bTata mc Graw Hill
_aNEW DELHI
942 _2ddc
_cBK
999 _c7959
_d7959